Xúc tác cho phản ứng reforming methane: Ảnh hưởng của hàm lượng chất xúc tiến và các thông số nhiệt động đến quá trình phản ứng : Báo cáo tổng kết đề tài nghiên cứu Khoa học cấp Trường

Αποθηκεύτηκε σε:
Λεπτομέρειες βιβλιογραφικής εγγραφής
Κύριος συγγραφέας: Trần, Ngọc Thắng
Μορφή: Đề tài khoa học
Γλώσσα:Undetermined
Έκδοση: Đại học Công nghiệp TP. Hồ Chí Minh 2022
Θέματα:
Διαθέσιμο Online:https://opac.iuh.edu.vn/TraCuuTaiLieuSo2XemChiTiet.aspx?Id=115881
Ετικέτες: Προσθήκη ετικέτας
Δεν υπάρχουν, Καταχωρήστε ετικέτα πρώτοι!
Thư viện lưu trữ: Trung tâm Thư viện - Trường Đại học Công nghiệp TP. Hồ Chí Minh
LEADER 00886nam a2200169Ia 4500
001 UIH_00880
008 230809s9999 xx 000 0 und d
082 |a 660 
100 |a Trần, Ngọc Thắng 
245 0 |a Xúc tác cho phản ứng reforming methane: Ảnh hưởng của hàm lượng chất xúc tiến và các thông số nhiệt động đến quá trình phản ứng : Báo cáo tổng kết đề tài nghiên cứu Khoa học cấp Trường 
245 0 |c Trần, Ngọc Thắng 
260 |b Đại học Công nghiệp TP. Hồ Chí Minh 
260 |c 2022 
650 |a Công nghệ hóa học; 
856 |u https://opac.iuh.edu.vn/TraCuuTaiLieuSo2XemChiTiet.aspx?Id=115881 
927 |a Đề tài khoa học 
980 |a Trung tâm Thư viện - Trường Đại học Công nghiệp TP. Hồ Chí Minh